Najpopularniejsze polskie imiona męskie - Statystyki

Ogólne statystyki
  • Ten quiz został rozwiązany 119 razy
  • Średni wynik to 65 z 100
Statystyki odpowiedzi
Liczba Odpowiedź % Poprawnych
1 689313 Piotr
99%
7 477845 Jan
96%
5 506006 Paweł
93%
9 426709 Jakub
92%
2 641406 Krzysztof
92%
11 383582 Łukasz
90%
10 401674 Adam
89%
6 492093 Michał
89%
3 536774 Tomasz
89%
30 204121 Bartosz
88%
13 377011 Mateusz
88%
57 125686 Bartłomiej
87%
14 374820 Grzegorz
87%
23 251064 Kamil
86%
8 449607 Marcin
84%
4 533141 Andrzej
83%
48 154503 Aleksander
82%
42 170474 Filip
82%
44 169877 Antoni
81%
12 378001 Marek
81%
16 335311 Wojciech
81%
15 366180 Stanisław
78%
25 238566 Dawid
77%
52 136096 Franciszek
77%
20 261766 Rafał
77%
22 259284 Robert
77%
43 170020 Daniel
76%
28 228002 Kacper
76%
17 286869 Mariusz
76%
35 185914 Sebastian
76%
18 283981 Dariusz
75%
19 267723 Maciej
75%
24 240430 Szymon
75%
54 134888 Dominik
73%
37 183944 Damian
72%
45 165749 Karol
71%
39 179984 Patryk
71%
58 114841 Wiktor
71%
49 148895 Adrian
70%
38 180439 Janusz
70%
72 70920 Władysław
70%
99 29598 Eryk
69%
53 135118 Mikołaj
67%
40 179134 Mirosław
67%
32 198702 Tadeusz
67%
67 89347 Hubert
66%
34 190644 Jarosław
66%
55 133350 Arkadiusz
65%
74 65077 Czesław
65%
64 92562 Igor
65%
60 111386 Krystian
65%
47 160865 Henryk
64%
26 236958 Jerzy
64%
29 204623 Józef
63%
46 165702 Przemysław
63%
21 261536 Zbigniew
61%
33 196863 Artur
60%
88 46767 Cezary
60%
62 103780 Radosław
60%
36 184574 Sławomir
60%
27 231162 Jacek
58%
66 90609 Konrad
58%
56 128983 Marian
58%
75 65048 Nikodem
58%
51 136950 Wiesław
58%
80 59158 Ireneusz
57%
78 59412 Leon
57%
92 41806 Zenon
57%
50 143008 Kazimierz
55%
70 77197 Oskar
55%
63 94808 Bogdan
54%
94 39546 Norbert
54%
68 79225 Edward
53%
76 64993 Miłosz
53%
61 106227 Waldemar
53%
69 77900 Marcel
52%
100 29031 Emil
51%
59 112775 Leszek
51%
31 201190 Ryszard
51%
79 59183 Bogusław
49%
65 92444 Zdzisław
48%
87 47180 Maksym
47%
89 45993 Włodzimierz
46%
86 50796 Zygmunt
46%
71 75622 Mieczysław
45%
90 44828 Ignacy
43%
81 57126 Oliwier
43%
41 174905 Roman
43%
91 43293 Gabriel
42%
73 69948 Maksymilian
42%
82 55554 Stefan
42%
83 55400 Witold
42%
77 60543 Eugeniusz
41%
85 51681 Alan
40%
98 33016 Błażej
40%
93 41697 Julian
39%
96 37744 Tymoteusz
37%
84 53517 Sylwester
36%
95 39108 Tymon
30%
97 35069 Fabian
29%
Nie znaleziono quizów pasujących do podanych kryteriów
Rozkład punktacji
Procent ludzi z każdym wynikiem
Percentyl według liczby udzielonych odpowiedzi
Twoja historia wyników
Nie rozwiązałeś tego quizu